000 00631nam a2200241Ia 4500
005 20250425162421.0
008 250425s9999 xx 000 0 und d
041 _aeng
082 _a540.28
100 _aS, AA
245 0 _aHANDBO0K OF FINE CHEMICALS AND LABORATORY EQUIPMENT
250 _aS.E.
260 _aEstados Unidos
_bALDRICH
_c2004
260 _aNEW YORK
300 _a861
500 _aINV.D-65856 DONADO POR ING. PATIÑO FIMCP
650 _aEQUIPOS DE LABORATORIO
650 _aLABORATORIO DE QUIMICA
650 _aQUIMICA-MANUAL DE LABORATORIO
710 _aALDRICH
942 _c01
010 _a70245
999 _c228790
_d228790